Culture Générale - Série 111 - Statistiques

Statistiques générales
  • Ce quiz a été pris 510 fois
  • Le résultat moyen est 5 sur 10
Statistiques - réponses
Question Réponse % Correct
Quelle arme était suspendue par un crin de cheval au-dessus de Damoclès ? Epée
97%
Quelle est la plus grande île de la Méditerranée ? Sicile
86%
Combien y a-t-il de fois 1/3 dans le nombre 3 ? 9
78%
De quel pays est originaire le peuple Maori ? Nouvelle-Zélande
78%
Quel "pouvoir" chante Laurent Voulzy selon le titre d'une chanson de 1992 ? Pouvoir des fleurs
50%
Au golf, comment appelle-t-on un trou réalisé en un coup au-dessous du par ? Birdie
35%
Quel est le prénom du compositeur et chef d'orchestre allemand Brahms ? Johannes
31%
Quel singe accompagne Tarzan dans ses aventures ? Cheetah
30%
"Un peu d'astuce, d'espièglerie, c'est la vie" de quel personnage animé ? Candy
28%
A quel dessinateur de BD doit-on les "Rubrique-à-brac" ? Gotlib
20%
Aucun quiz correspondant
Distribution des résultats
% des personnes avec chaque résultat
Percentile par nombre de réponses
Votre historique - résultats
Vous n’avez pas pris ce quiz